Normal view MARC view
  • Cavuto R F

Entry Personal Name

Number of records used in: 1

001 - CONTROL NUMBER

  • control field: 215299

003 - CONTROL NUMBER IDENTIFIER

  • control field: OSt

005 - DATE AND TIME OF LATEST TRANSACTION

  • control field: 20251121152135.0

008 - FIXED-LENGTH DATA ELEMENTS

  • fixed length control field: 251121|| aca||aabn | a|a d

040 ## - CATALOGING SOURCE

  • Original cataloging agency: OSt
  • Transcribing agency: OSt

100 ## - HEADING--PERSONAL NAME

  • Personal name: Cavuto R F

670 ## - SOURCE DATA FOUND

  • Source citation: Work cat.: (OSt)94482: Cavuto R F, Simple is the New Smart, 2016